MLB Top MVP, Cy Young, and ROY 1998 - Statistics

General Stats
  • This quiz has been taken 29 times
  • The average score is 26 of 39
Answer Stats
# Answer Team Pos. % Correct
3 Derek Jeter NYY SS
100%
9 Alex Rodriguez SEA SS
96%
8 Barry Bonds SFG LF
96%
9 Chipper Jones ATL 3B
96%
5 Craig Biggio HOU 2B
96%
10 Iván Rodríguez TEX C
96%
2 Mark McGwire STL 1B
96%
1 Sammy Sosa CHC RF
96%
4 Ken Griffey Jr. SEA CF
92%
4 Greg Maddux ATL P
88%
1 Juan González TEX RF
88%
2 Nomar Garciaparra BOS SS
88%
1 Roger Clemens TOR P
88%
1 Tom Glavine ATL P
88%
9 Jeff Kent SFG 2B
84%
5 John Smoltz ATL P
84%
2 Todd Helton COL 1B
84%
7 Bernie Williams NYY CF
80%
6 Manny Ramirez CLE RF
80%
2 Pedro Martinez BOS P
80%
3 David Wells NYY P
76%
1 Kerry Wood CHC P
76%
4 David Cone NYY P
68%
4 Greg Vaughn SDP LF
64%
5 Mo Vaughn BOS 1B
60%
7 Trevor Hoffman SDP P
60%
2 Trevor Hoffman SDP P
60%
8 Albert Belle CHW LF
48%
6 Andrés Galarraga ATL 1B
48%
3 Kevin Brown SDP P
48%
5 Magglio Ordóñez CHW RF
48%
3 Moisés Alou HOU LF
40%
4 Orlando Hernández NYY P
28%
3 Travis Lee ARI 1B
28%
1 Ben Grieve OAK RF
16%
5 Brad Fullmer MON 1B
8%
3 Mike Caruso CHW SS
8%
4 Kerry Ligtenberg ATL P
4%
2 Rolando Arrojo TBD P
4%
No matching quizzes found
Score Distribution
Percent of People with Each Score
Percentile by Number Answered
Your Score History
You have not taken this quiz